| 000 | 00515nam a22001695i 4500 | ||
|---|---|---|---|
| 001 | 162494 | ||
| 003 | ES-MaACL | ||
| 005 | 20230906212535.0 | ||
| 008 | 041117s1889 sp |||| | spa d | ||
| 040 |
_aCAM _bspa _cCAM |
||
| 100 | 1 |
_aPou, Camilo. _9131314 |
|
| 245 | 1 | 0 |
_aVersos y poesias / _cCamilo Pou. |
| 260 |
_aPalma : _b[s.n.], _c1889 ( _fTipografía de Juan Colomar y Salas) |
||
| 300 |
_a[5] h., 293 p. ; _c16 cm. |
||
| 752 |
_aEspaña - _dPalma de Mallorca |
||
| 852 |
_aES-MaACL _jG-10362 _z-- Enc. hol. |
||
| 999 |
_c162494 _d162494 |
||